[Event "GER-chT U20 Girls"]
[Site "Magdeburg"]
[Date "2023.12.27"]
[Round "2.10"]
[White "Wolterink, Jule"]
[Black "Foltin, Alica"]
[Result "1/2-1/2"]
[WhiteElo "1474"]
[BlackElo "1744"]
[PlyCount "76"]
[EventDate "2023.12.26"]
[EventType "team-swiss"]
[EventRounds "7"]
[EventCountry "GER"]
[SourceTitle "CB03_2024"]
[SourceDate "2024.01.17"]
[SourceVersion "1"]
[SourceVersionDate "2024.01.17"]
[SourceQuality "1"]
[WhiteTeam "Lehrte"]
[BlackTeam "Erkenschwick"]
[WhiteTeamCountry "GER"]
[BlackTeamCountry "GER"]

1. d4 Nf6 2. Nf3 g6 3. Bf4 Bg7 4. e3 0-0 5. Be2 d6 6. h3 Nbd7 7. 0-0 b6 8. c4 Re8 9. Nc3 Bb7 10. b4 e5 11. Bh2 a6 12. Rc1 exd4 13. Nxd4 Ne5 14. Qb3 Ne4 15. Nxe4 Bxe4 16. Rfd1 Qg5 17. Bg3 h5 18. h4 Qe7 19. f3 Bb7 20. c5 Bf6 21. cxd6 cxd6 22. Bxe5 Qxe5 23. e4 Bxh4 24. Rc7 Re7 25. Nc6 Bxc6 26. Rxc6 Qg3 27. Bc4 Qf2+ 28. Kh1 Bg5 29. Rcxd6 Be3 30. Bxf7+ Rxf7 31. Rd8+ Rxd8 32. Rxd8+ Kg7 33. Qc3+ Rf6 34. Qc7+ Kh6 35. Rh8+ Kg5 36. Qe5+ Rf5 37. Qe7+ Rf6 38. Qe5+ Rf5 1/2-1/2